| 000 | 00662nam a2200241Ia 4500 | ||
|---|---|---|---|
| 003 | OSt | ||
| 005 | 20221005123330.0 | ||
| 006 | a|||||r|||| 00| 0 | ||
| 007 | ta | ||
| 008 | 221004b |||||||| |||| 00| 0 eng d | ||
| 024 | _a62035 | ||
| 037 | _cTextual | ||
| 040 |
_aCRL _cCRL _beng |
||
| 041 |
_2eng _aeng |
||
| 082 | _aV2:80X722:N5a, H2 | ||
| 110 |
_aIndia, Imperial Record (Department of-). _9633552 |
||
| 245 | 0 | _aLand revenue records 1838-1859. Index | |
| 260 | _c1942 | ||
| 650 | _aHISTORY | ||
| 700 |
_aIndia, Imperial Record (Department of-). _9633553 |
||
| 942 |
_hV2:80X722:N5a, H2 _cTEXL _2cc |
||
| 999 |
_c1047089 _d1047089 |
||